[Event "Hessen-ch op-B"]
[Site "Floersheim"]
[Date "2016.05.07"]
[Round "5"]
[White "Weiland, Thomas"]
[Black "Bolduan, Michael"]
[Result "1/2-1/2"]
[WhiteElo "1763"]
[BlackElo "1848"]
[PlyCount "25"]
[EventDate "2016.05.05"]
[EventType "swiss"]
[EventRounds "7"]
[EventCountry "GER"]
[SourceTitle "EXT 2022"]
[Source "ChessBase"]
[SourceDate "2021.10.06"]
[SourceVersion "1"]
[SourceVersionDate "2021.10.06"]
[SourceQuality "1"]

1. e4 e6 2. d4 d5 3. Nc3 Nf6 4. exd5 exd5 5. Nf3 Bg4 6. Be2 Bd6 7. 0-0 0-0 8. Be3 c6 9. Re1 Qc7 10. h3 Bh5 11. Nh4 Bg6 12. Nxg6 hxg6 13. Bf3 1/2-1/2

[Event "Hessen-ch op-B"]
[Site "Floersheim"]
[Date "2016.05.06"]
[Round "3"]
[White "Wagner, Guenter"]
[Black "Bolduan, Michael"]
[Result "0-1"]
[WhiteElo "1695"]
[BlackElo "1848"]
[PlyCount "124"]
[EventDate "2016.05.05"]
[EventType "swiss"]
[EventRounds "7"]
[EventCountry "GER"]
[SourceTitle "EXT 2022"]
[Source "ChessBase"]
[SourceDate "2021.10.06"]
[SourceVersion "1"]
[SourceVersionDate "2021.10.06"]
[SourceQuality "1"]

1. Nf3 f5 2. g3 Nf6 3. Bg2 e6 4. 0-0 d5 5. c4 c6 6. b3 Bd6 7. Bb2 0-0 8. d3 Nbd7 9. Nbd2 e5 10. cxd5 cxd5 11. e3 Qe7 12. Re1 Nc5 13. Bf1 e4 14. dxe4 fxe4 15. Nd4 Qf7 16. f4 exf3 17. Qxf3 Bg4 18. Qg2 Kh8 19. h3 Bd7 20. g4 Rae8 21. b4 Nce4 22. a3 Qg6 23. Bd3 Qh6 24. N2f3 Ng5 25. Nxg5 Qxg5 26. Bf5 Bxf5 27. Nxf5 Be5 28. Bd4 h5 29. Rf1 Bxd4 30. exd4 Re4 31. h4 Qxg4 32. Qxg4 Rxg4+ 33. Kh2 Re8 34. Rg1 Rf4 35. Raf1 Ree4 36. Rxf4 Rxf4 37. Rg5 g6 38. Ne7 Rxd4 39. Nxg6+ Kg7 40. Ne5+ Kf8 41. Ng6+ Kf7 42. Ne5+ Ke6 43. Nf3 Re4 44. Kh3 Re3 45. Kg2 Rxa3 46. Nd4+ Kf7 47. Nf5 b6 48. Rg7+ Ke6 49. Nd4+ Ke5 50. Nc6+ Ke4 51. Nxa7 d4 52. Nb5 Ra2+ 53. Kg3 Rb2 54. Re7+ Kd5 55. Nc7+ Kc4 56. b5 d3 57. Ne6 Kxb5 58. Nd4+ Kc5 59. Nf3 d2 60. Rc7+ Kb5 61. Nd4+ Ka6 62. Nc6 d1Q 0-1

[Event "Hessen-ch op-B"]
[Site "Floersheim"]
[Date "2016.05.05"]
[Round "2"]
[White "Bolduan, Michael"]
[Black "Traut, Stefan"]
[Result "1/2-1/2"]
[WhiteElo "1848"]
[BlackElo "1686"]
[PlyCount "37"]
[EventDate "2016.05.05"]
[EventType "swiss"]
[EventRounds "7"]
[EventCountry "GER"]
[SourceTitle "EXT 2022"]
[Source "ChessBase"]
[SourceDate "2021.10.06"]
[SourceVersion "1"]
[SourceVersionDate "2021.10.06"]
[SourceQuality "1"]

1. e4 c5 2. d4 cxd4 3. c3 d3 4. Bxd3 Nc6 5. Nf3 g6 6. 0-0 Bg7 7. Bf4 d6 8. Nbd2 Nf6 9. h3 0-0 10. Qe2 Bd7 11. Rad1 Rc8 12. Qe3 a6 13. Bh6 b5 14. Bxg7 Kxg7 15. a3 Rb8 16. Nd4 Qb6 17. Nc2 Rfc8 18. Be2 Ne5 19. Nd4 1/2-1/2

[Event "Hessen-ch op-B"]
[Site "Floersheim"]
[Date "2016.05.05"]
[Round "1"]
[White "Lehmann, Tornalf"]
[Black "Bolduan, Michael"]
[Result "1/2-1/2"]
[WhiteElo "1671"]
[BlackElo "1848"]
[PlyCount "36"]
[EventDate "2016.05.05"]
[EventType "swiss"]
[EventRounds "7"]
[EventCountry "GER"]
[SourceTitle "EXT 2022"]
[Source "ChessBase"]
[SourceDate "2021.10.06"]
[SourceVersion "1"]
[SourceVersionDate "2021.10.06"]
[SourceQuality "1"]

1. e4 e6 2. d4 d5 3. Nc3 Nf6 4. Bg5 Bb4 5. e5 h6 6. Bd2 Bxc3 7. bxc3 Ne4 8. Qg4 g6 9. h4 Nxd2 10. Kxd2 c5 11. Nf3 cxd4 12. cxd4 Nc6 13. c3 Bd7 14. Bd3 Qa5 15. Qf4 0-0-0 16. Qxf7 Rdf8 17. Qxg6 Rfg8 18. Qf6 Rf8 1/2-1/2

[Event "Wiesbaden op 27th"]
[Site "Wiesbaden"]
[Date "2015.08.29"]
[Round "4"]
[White "Bolduan, Michael"]
[Black "Karsay, Pascal"]
[Result "1-0"]
[WhiteElo "1867"]
[BlackElo "2071"]
[PlyCount "120"]
[EventDate "2015.08.27"]
[EventType "swiss"]
[EventRounds "7"]
[EventCountry "GER"]
[SourceTitle "EXT 2016"]
[Source "ChessBase"]
[SourceDate "2015.10.08"]
[SourceVersion "1"]
[SourceVersionDate "2015.10.08"]
[SourceQuality "1"]

1. Nf3 Nf6 2. b3 g6 3. Bb2 Bg7 4. e3 0-0 5. d4 d6 6. Nbd2 Nbd7 7. Bc4 c6 8. 0-0 Qc7 9. e4 b5 10. Bd3 Bb7 11. c4 b4 12. Re1 e5 13. Rc1 exd4 14. Bxd4 Nc5 15. Bxc5 dxc5 16. Qe2 Rfe8 17. Qe3 Rad8 18. Rcd1 Ng4 19. Qe2 Rd7 20. h3 Ne5 21. Bb1 Red8 22. Nf1 Nxf3+ 23. Qxf3 Bc3 24. Rxd7 Qxd7 25. Rc1 Bc8 26. Ne3 Qe7 27. Rd1 Rxd1+ 28. Qxd1 Qd7 29. Qxd7 Bxd7 30. f4 Be1 31. Kf1 Bg3 32. f5 Kg7 33. Ke2 Be5 34. Bd3 Bd4 35. Nf1 Kf6 36. fxg6 hxg6 37. Kf3 Ke5 38. Ng3 Bc8 39. Ne2 a5 40. h4 Be6 41. g4 f6 42. h5 gxh5 43. gxh5 Bf7 44. Kg4 Be3 45. Bc2 a4 46. Bd3 a3 47. Bc2 Be6+ 48. Kf3 Bh6 49. Bd3 Bh3 50. Ng1 Bd7 51. Ne2 Be8 52. Kg4 Bg5 53. Bc2 Bd7+ 54. Kf3 Ke6 55. Nf4+ Kd6 56. Nd3 Bh6 57. Bd1 f5 58. e5+ Kc7 59. Nf4 Be8 60. Bc2 Bg7 1-0

[Event "Wiesbaden op 26th"]
[Site "Wiesbaden"]
[Date "2014.08.30"]
[Round "5"]
[White "Thybo, Thomas Sondergaard"]
[Black "Bolduan, Michael"]
[Result "1/2-1/2"]
[WhiteElo "1525"]
[BlackElo "1870"]
[PlyCount "77"]
[EventDate "2014.08.28"]
[EventType "swiss"]
[EventRounds "7"]
[EventCountry "GER"]
[SourceTitle "CBM 162 Extra"]
[Source "ChessBase"]
[SourceDate "2014.10.17"]
[SourceVersion "1"]
[SourceVersionDate "2014.10.17"]
[SourceQuality "1"]

1. e4 e6 2. d4 d5 3. exd5 exd5 4. c4 Nf6 5. Bg5 Be7 6. Nf3 0-0 7. Be2 dxc4 8. Bxc4 Bb4+ 9. Nc3 Re8+ 10. Ne5 Be6 11. 0-0 Bxc4 12. Nxc4 c6 13. Qb3 Bxc3 14. bxc3 b5 15. Ne5 Qd5 16. Bxf6 gxf6 17. Qxd5 cxd5 18. Nd3 Nd7 19. Rfe1 Rxe1+ 20. Rxe1 Rc8 21. Rc1 a5 22. a3 Kf8 23. f4 Ke7 24. f5 Kd6 25. Kf2 Rc4 26. Nb2 Rc7 27. a4 Rb7 28. Rc2 bxa4 29. Nxa4 Rb3 30. c4 dxc4 31. Rxc4 Nb6 32. Nxb6 Rxb6 33. Ra4 Rb5 34. g4 h5 35. Kg3 hxg4 36. Kxg4 Rb4 37. Rxa5 Rxd4+ 38. Kh5 Ke7 39. Rb5 1/2-1/2

[Event "Wiesbaden op 26th"]
[Site "Wiesbaden"]
[Date "2014.08.29"]
[Round "3"]
[White "Raitor, Sven"]
[Black "Bolduan, Michael"]
[Result "0-1"]
[WhiteElo "1493"]
[BlackElo "1870"]
[PlyCount "78"]
[EventDate "2014.08.28"]
[EventType "swiss"]
[EventRounds "7"]
[EventCountry "GER"]
[SourceTitle "CBM 162 Extra"]
[Source "ChessBase"]
[SourceDate "2014.10.17"]
[SourceVersion "1"]
[SourceVersionDate "2014.10.17"]
[SourceQuality "1"]

1. d4 e6 2. c4 f5 3. Nc3 Nf6 4. Bg5 Be7 5. g3 d5 6. Nf3 0-0 7. Ne5 Nbd7 8. Bxf6 Nxf6 9. Bg2 c6 10. c5 Bd7 11. f4 Be8 12. Bf3 Bh5 13. 0-0 Qe8 14. b4 Ng4 15. Nxg4 fxg4 16. Bg2 g5 17. e3 Qg6 18. Rf2 gxf4 19. exf4 Bf6 20. Bf1 Qg7 21. Rd2 Bf7 22. Be2 h5 23. a4 a6 24. Na2 Bg6 25. Nc1 Bf5 26. Nb3 Rae8 27. b5 axb5 28. axb5 h4 29. Ra7 hxg3 30. hxg3 Ra8 31. Rda2 Rxa7 32. Rxa7 cxb5 33. Bxb5 Qg6 34. Rxb7 Bc2 35. Qd2 Qe4 36. Be2 Bxb3 37. Rxb3 Bxd4+ 38. Kh2 Qh7+ 39. Kg2 Qh3# 0-1

[Event "Wiesbaden op 26th"]
[Site "Wiesbaden"]
[Date "2014.08.28"]
[Round "1"]
[White "Carlstedt, Jonathan"]
[Black "Bolduan, Michael"]
[Result "1-0"]
[WhiteElo "2437"]
[BlackElo "1870"]
[PlyCount "33"]
[EventDate "2014.08.28"]
[EventType "swiss"]
[EventRounds "7"]
[EventCountry "GER"]
[SourceTitle "CBM 162 Extra"]
[Source "ChessBase"]
[SourceDate "2014.10.17"]
[SourceVersion "1"]
[SourceVersionDate "2014.10.17"]
[SourceQuality "1"]

1. c4 e6 2. g3 f5 3. Bg2 Nf6 4. Nf3 d5 5. 0-0 Bd6 6. Nc3 c6 7. d3 0-0 8. e4 Nbd7 9. Re1 Qc7 10. Nd4 Nb6 11. cxd5 exd5 12. exf5 a6 13. Bg5 Bd7 14. Rc1 Qb8 15. Ne6 Rf7 16. Qb3 Qa7 17. Be3 1-0

[Event "Hofheim Spring op-B 2nd"]
[Site "Hofheim"]
[Date "2014.04.26"]
[Round "8"]
[White "Ziegenfuss, Antonia"]
[Black "Bolduan, Michael"]
[Result "1-0"]
[WhiteElo "1300"]
[BlackElo "1883"]
[PlyCount "65"]
[EventDate "2014.04.22"]
[EventType "swiss"]
[EventRounds "9"]
[EventCountry "GER"]
[SourceTitle "CBM 160 Extra"]
[Source "ChessBase"]
[SourceDate "2014.07.01"]
[SourceVersion "1"]
[SourceVersionDate "2014.07.01"]
[SourceQuality "1"]

1. e4 e6 2. d4 d5 3. e5 c5 4. c3 Nc6 5. Nf3 Qb6 6. a3 Bd7 7. b4 cxb4 8. cxb4 Nge7 9. Be3 Nf5 10. Nc3 Nxe3 11. fxe3 Be7 12. Bd3 0-0 13. 0-0 f6 14. exf6 Bxf6 15. Rc1 Ne7 16. Na4 Bxa4 17. Qxa4 e5 18. e4 dxe4 19. Bxe4 exd4 20. Kh1 Rad8 21. Bd3 Kh8 22. Nd2 Bg5 23. Rxf8+ Rxf8 24. Nc4 Qh6 25. Rf1 g6 26. Rxf8+ Qxf8 27. Qxa7 Qf4 28. Kg1 Nd5 29. Qa8+ Kg7 30. Qxb7+ Ne7 31. Qf3 Qc1+ 32. Qf1 Qxa3 33. Nxa3 1-0

[Event "Hofheim Spring op-B 2nd"]
[Site "Hofheim"]
[Date "2014.04.25"]
[Round "7"]
[White "Bolduan, Michael"]
[Black "Kitz, Arnd"]
[Result "1-0"]
[WhiteElo "1883"]
[BlackElo "1589"]
[PlyCount "71"]
[EventDate "2014.04.22"]
[EventType "swiss"]
[EventRounds "9"]
[EventCountry "GER"]
[SourceTitle "CBM 160 Extra"]
[Source "ChessBase"]
[SourceDate "2014.07.01"]
[SourceVersion "1"]
[SourceVersionDate "2014.07.01"]
[SourceQuality "1"]

1. e4 e6 2. d3 d5 3. Nd2 Nc6 4. Ngf3 dxe4 5. Nxe4 Nf6 6. Nxf6+ Qxf6 7. c3 Bd6 8. d4 0-0 9. Bg5 Qf5 10. Bd3 Qa5 11. 0-0 e5 12. b4 Qb6 13. a4 a6 14. a5 Qa7 15. d5 Ne7 16. Bxe7 Bxe7 17. Nxe5 Bf6 18. Re1 c5 19. Qf3 cxb4 20. Qe4 g6 21. Qxb4 Qb8 22. f4 Qc7 23. d6 Qd8 24. Rad1 Bxe5 25. fxe5 Be6 26. c4 Rb8 27. c5 Bd7 28. Bc4 Re8 29. Rf1 Rf8 30. Qb3 Qe8 31. Rde1 Be6 32. Bxe6 Qxe6 33. Qxe6 fxe6 34. Rb1 Rxf1+ 35. Kxf1 Kf8 36. c6 1-0

[Event "Hofheim Spring op-B 2nd"]
[Site "Hofheim"]
[Date "2014.04.24"]
[Round "5"]
[White "Bolduan, Michael"]
[Black "Hildebrand, Georg"]
[Result "1-0"]
[WhiteElo "1883"]
[BlackElo "1696"]
[PlyCount "97"]
[EventDate "2014.04.22"]
[EventType "swiss"]
[EventRounds "9"]
[EventCountry "GER"]
[SourceTitle "CBM 160 Extra"]
[Source "ChessBase"]
[SourceDate "2014.07.01"]
[SourceVersion "1"]
[SourceVersionDate "2014.07.01"]
[SourceQuality "1"]

1. e4 b6 2. d4 Bb7 3. Bd3 g6 4. Nd2 Bg7 5. c3 e6 6. Ngf3 Ne7 7. 0-0 d6 8. Qe2 c6 9. Re1 Qc7 10. Nf1 Nd7 11. Bg5 h6 12. Be3 0-0-0 13. a4 Nb8 14. Rec1 Rd7 15. N1d2 Rhd8 16. b4 f5 17. a5 b5 18. c4 e5 19. cxb5 f4 20. bxc6 Nexc6 21. d5 fxe3 22. Qxe3 Rf8 23. dxc6 Nxc6 24. b5 Kd8 25. bxc6 Bxc6 26. Rab1 Ke7 27. Bb5 Rb8 28. Rxc6 Qxa5 29. Ra6 Qd8 30. Bxd7 Rxb1+ 31. Nxb1 Kf6 32. Rxd6+ Ke7 33. Qd2 Kf8 34. Rxg6 Qe7 35. Qd6 a5 36. Qxe7+ Kxe7 37. Rxg7+ Kd6 38. Kf1 h5 39. Ke2 h4 40. Kd3 h3 41. gxh3 Kc5 42. Kc3 Kb6 43. Nxe5 a4 44. Na3 Ka5 45. h4 Kb6 46. h5 Kc7 47. h6 Kd6 48. Nec4+ Kc5 49. Rg5# 1-0

[Event "Hofheim Spring op-B 2nd"]
[Site "Hofheim"]
[Date "2014.04.23"]
[Round "2"]
[White "Bauermees, Thomas"]
[Black "Bolduan, Michael"]
[Result "0-1"]
[WhiteElo "1673"]
[BlackElo "1883"]
[PlyCount "62"]
[EventDate "2014.04.22"]
[EventType "swiss"]
[EventRounds "9"]
[EventCountry "GER"]
[SourceTitle "CBM 160 Extra"]
[Source "ChessBase"]
[SourceDate "2014.07.01"]
[SourceVersion "1"]
[SourceVersionDate "2014.07.01"]
[SourceQuality "1"]

1. e4 e6 2. d4 d5 3. Nc3 Nf6 4. Bg5 Bb4 5. a3 Bxc3+ 6. bxc3 dxe4 7. Bxf6 Qxf6 8. Ne2 0-0 9. Ng3 Qg6 10. h4 e3 11. Bd3 exf2+ 12. Kxf2 f5 13. Qd2 Nc6 14. Qf4 Qf7 15. Rab1 b6 16. Bc4 Na5 17. Ba2 Ba6 18. Rb4 Rae8 19. Re1 Qd7 20. Nxf5 Nc4 21. Bxc4 Bxc4 22. Re5 b5 23. a4 a5 24. Rb1 exf5 25. axb5 Rxe5 26. Qxe5 Re8 27. Qc5 Qe6 28. Kg1 Bd5 29. Qxc7 Qe3+ 30. Kh2 f4 31. g3 Qxg3# 0-1

[Event "Wiesbaden op 25th"]
[Site "Wiesbaden"]
[Date "2013.08.24"]
[Round "5"]
[White "Bolduan, Michael"]
[Black "Lessmann, Sven"]
[Result "1-0"]
[WhiteElo "1862"]
[BlackElo "1697"]
[PlyCount "47"]
[EventDate "2013.08.22"]
[EventType "swiss"]
[EventRounds "7"]
[EventCountry "GER"]
[SourceTitle "EXT 2014"]
[Source "ChessBase"]
[SourceDate "2013.11.20"]
[SourceVersion "1"]
[SourceVersionDate "2013.11.20"]
[SourceQuality "1"]

1. e4 d6 2. d4 Nf6 3. Nc3 g6 4. Bc4 Bg7 5. Qe2 0-0 6. e5 dxe5 7. dxe5 Re8 8. Bd2 c6 9. e6 fxe6 10. Bxe6+ Bxe6 11. Qxe6+ Kh8 12. 0-0-0 Qd6 13. Qh3 e6 14. Nf3 Nbd7 15. Rhe1 h5 16. Ng5 Kg8 17. Rxe6 Rxe6 18. Qxe6+ Qxe6 19. Nxe6 Ng4 20. Bg5 Nf8 21. Nxg7 Kxg7 22. f3 Ne5 23. Ne4 Ne6 24. Bf6+ 1-0

[Event "Wiesbaden op 24th"]
[Site "Wiesbaden"]
[Date "2012.08.26"]
[Round "6"]
[White "Belz, Frank Martin"]
[Black "Bolduan, Michael"]
[Result "1-0"]
[WhiteElo "1969"]
[BlackElo "1889"]
[PlyCount "71"]
[EventDate "2012.08.23"]
[EventType "swiss"]
[EventRounds "7"]
[EventCountry "GER"]
[SourceTitle "CBM 150 Extra"]
[Source "ChessBase"]
[SourceDate "2012.10.19"]
[SourceVersion "1"]
[SourceVersionDate "2012.10.19"]
[SourceQuality "1"]

1. Nf3 f5 2. c4 Nf6 3. g3 e6 4. Bg2 d5 5. 0-0 Bd6 6. Qc2 c6 7. d3 0-0 8. Bd2 Nbd7 9. b4 e5 10. a4 Qe8 11. b5 Qh5 12. Nc3 e4 13. Nd4 Ne5 14. cxd5 cxd5 15. Qb3 Kh8 16. Nxd5 Neg4 17. h3 f4 18. Nxf4 Bxf4 19. Bxf4 Nxf2 20. Rxf2 Bxh3 21. Bxh3 Qxh3 22. Rh2 Qg4 23. Rh4 Qd7 24. Ne6 Rae8 25. Nxf8 Rxf8 26. Rd1 e3 27. Qb4 Re8 28. Rc1 Qf7 29. Rc7 Qa2 30. Qe1 Qd5 31. Qc3 Qa2 32. Qc2 Qa1+ 33. Qc1 Qxa4 34. Be5 Qxb5 35. Bxf6 gxf6 36. Rhxh7+ 1-0

[Event "Wiesbaden op 24th"]
[Site "Wiesbaden"]
[Date "2012.08.24"]
[Round "2"]
[White "Lessmann, Sven"]
[Black "Bolduan, Michael"]
[Result "1/2-1/2"]
[WhiteElo "1659"]
[BlackElo "1889"]
[PlyCount "57"]
[EventDate "2012.08.23"]
[EventType "swiss"]
[EventRounds "7"]
[EventCountry "GER"]
[SourceTitle "CBM 150 Extra"]
[Source "ChessBase"]
[SourceDate "2012.10.19"]
[SourceVersion "1"]
[SourceVersionDate "2012.10.19"]
[SourceQuality "1"]

1. d4 e6 2. c4 f5 3. Nf3 Nf6 4. Nc3 d5 5. Bg5 c6 6. Ne5 Bd6 7. e3 0-0 8. cxd5 exd5 9. Bd3 Qe8 10. f4 Ne4 11. Bh4 Nd7 12. 0-0 Ndf6 13. Rf3 Be6 14. Rh3 Rc8 15. Bxf6 Rxf6 16. Qe1 Bxe5 17. dxe5 Rg6 18. Be2 Qe7 19. Rd1 Rd8 20. Bf3 b6 21. Ne2 c5 22. Ng3 Nxg3 23. Rxg3 Rxg3 24. Qxg3 d4 25. exd4 cxd4 26. b3 Kf7 27. Be2 Qc5 28. Kf1 Rd7 29. Qh3 1/2-1/2

[Event "Hessen-ch Gr-C"]
[Site "Idstein"]
[Date "2009.04.09"]
[Round "3"]
[White "Bolduan, Michael"]
[Black "Schmitt, Carsten1111"]
[Result "1/2-1/2"]
[WhiteElo "1883"]
[BlackElo "1988"]
[PlyCount "58"]
[EventDate "2009.04.08"]
[EventType "swiss"]
[EventRounds "7"]
[EventCountry "GER"]
[SourceTitle "EXT 2010"]
[Source "ChessBase"]
[SourceDate "2010.11.25"]
[SourceVersion "1"]
[SourceVersionDate "2010.11.25"]
[SourceQuality "1"]

1. Nf3 d5 2. g3 c6 3. Bg2 Nd7 4. 0-0 e5 5. d3 Ngf6 6. Nbd2 Bc5 7. h3 0-0 8. e4 Re8 9. a4 Nf8 10. Re1 Ng6 11. exd5 cxd5 12. Nb3 Bb6 13. a5 Bc7 14. Bg5 h6 15. Bd2 Bd7 16. Nc5 Bc6 17. b4 Nd7 18. Nxd7 Qxd7 19. c4 dxc4 20. dxc4 Rad8 21. Be3 Qc8 22. Qe2 Bd7 23. Qf1 Bb8 24. b5 f5 25. a6 bxa6 26. Rxa6 f4 27. Rxg6 fxe3 28. Rxe3 Bf5 29. Rc6 Qd7 1/2-1/2

[Event "Wiesbaden op"]
[Site "Wiesbaden"]
[Date "2007.08.09"]
[Round "6"]
[White "Bolduan, Michael"]
[Black "Meier, Alexander"]
[Result "1-0"]
[WhiteElo "1909"]
[BlackElo "1224"]
[PlyCount "95"]
[EventDate "2007.08.02"]
[EventType "swiss"]
[EventRounds "7"]
[EventCountry "GER"]
[SourceTitle "EXT 2008"]
[Source "ChessBase"]
[SourceDate "2007.11.25"]
[SourceVersion "1"]
[SourceVersionDate "2007.11.25"]
[SourceQuality "1"]

1. e4 g6 2. d4 Bg7 3. Nc3 d6 4. Bc4 c6 5. Be3 a6 6. Qd2 Nf6 7. Bh6 Rg8 8. Bxg7 Rxg7 9. Nf3 b5 10. Bd3 Nbd7 11. Qh6 Rg8 12. e5 dxe5 13. dxe5 Ng4 14. Qxh7 Rf8 15. e6 Ndf6 16. exf7+ Rxf7 17. Qxg6 Qb6 18. 0-0 Kf8 19. Qg5 Rg7 20. Qf4 c5 21. Be4 Ra7 22. Rad1 Rd7 23. Rxd7 Bxd7 24. Rd1 c4 25. Ne5 Be6 26. Nd7+ Bxd7 27. Rxd7 Kg8 28. Rd2 e5 29. Qf5 Ne3 30. fxe3 Qxe3+ 31. Qf2 Qxf2+ 32. Rxf2 Ng4 33. Re2 Rd7 34. Nd5 Kg7 35. h3 Nh6 36. g4 Nf7 37. Bg2 a5 38. h4 Nh6 39. Rxe5 Rd6 40. Bf3 Nf7 41. Re3 Nh6 42. Nf4 Rd2 43. Re2 Rd1+ 44. Kf2 b4 45. b3 cxb3 46. cxb3 a4 47. bxa4 Rb1 48. Kg3 1-0

[Event "Wiesbaden op"]
[Site "Wiesbaden"]
[Date "2007.08.09"]
[Round "7"]
[White "Voss, Chantal"]
[Black "Bolduan, Michael"]
[Result "1/2-1/2"]
[WhiteElo "1810"]
[BlackElo "1909"]
[PlyCount "52"]
[EventDate "2007.08.02"]
[EventType "swiss"]
[EventRounds "7"]
[EventCountry "GER"]
[SourceTitle "EXT 2008"]
[Source "ChessBase"]
[SourceDate "2007.11.25"]
[SourceVersion "1"]
[SourceVersionDate "2007.11.25"]
[SourceQuality "1"]

1. d4 e6 2. c4 f5 3. Nc3 Nf6 4. Bg5 Be7 5. Nf3 0-0 6. Qc2 b6 7. e4 fxe4 8. Nxe4 Bb7 9. Bd3 Nxe4 10. Bxe7 Qxe7 11. Bxe4 Bxe4 12. Qxe4 Qb4+ 13. Nd2 Nc6 14. d5 Na5 15. dxe6 Rae8 16. 0-0-0 Rxe6 17. Qd5 Rxf2 18. Rhf1 Rfe2 19. Qxd7 h6 20. Qxc7 Qe7 21. Qb8+ Kh7 22. Qg3 Qb4 23. Qd3+ Kh8 24. Qd5 R6e5 25. Qa8+ Kh7 26. Qf3 b5 1/2-1/2

[Event "Hessen-ch VM"]
[Site "Moerlenbach"]
[Date "2004.04.06"]
[Round "7"]
[White "Bitsch, Volker"]
[Black "Bolduan, Michael"]
[Result "1-0"]
[WhiteElo "2022"]
[BlackElo "2039"]
[PlyCount "75"]
[EventDate "2004.04.??"]
[EventType "swiss"]
[EventRounds "11"]
[EventCountry "GER"]
[SourceTitle "EXT 2005"]
[Source "ChessBase"]
[SourceDate "2004.11.15"]
[SourceVersion "1"]
[SourceVersionDate "2004.11.15"]
[SourceQuality "1"]

1. c4 f5 2. Nc3 Nf6 3. g3 g6 4. Bg2 Bg7 5. e4 fxe4 6. Nge2 e5 7. Nxe4 Nxe4 8. Bxe4 0-0 9. 0-0 Nc6 10. d3 d6 11. Bd5+ Kh8 12. Bg2 Be6 13. Nc3 Qd7 14. Be3 Nd8 15. Qd2 c6 16. Ne4 Nf7 17. f4 exf4 18. Rxf4 Ne5 19. Raf1 Bf5 20. Rh4 Ng4 21. Bf4 d5 22. cxd5 cxd5 23. Ng5 h5 24. h3 Bd4+ 25. Kh1 Ne5 26. Qb4 Nc6 27. Qb3 Na5 28. Qa3 b6 29. b4 Qe7 30. Qa4 Bxd3 31. bxa5 Bc5 32. Rc1 Rae8 33. Qd1 Rxf4 34. Rxf4 Qxg5 35. Qxd3 Be3 36. Qb5 Rd8 37. Rcf1 Bxf4 38. gxf4 1-0

[Event "Hessen-ch VM"]
[Site "Moerlenbach"]
[Date "2004.04.04"]
[Round "5"]
[White "Hoehn, Michael"]
[Black "Bolduan, Michael"]
[Result "1-0"]
[WhiteElo "2147"]
[BlackElo "2039"]
[PlyCount "122"]
[EventDate "2004.04.??"]
[EventType "swiss"]
[EventRounds "11"]
[EventCountry "GER"]
[SourceTitle "EXT 2005"]
[Source "ChessBase"]
[SourceDate "2004.11.15"]
[SourceVersion "1"]
[SourceVersionDate "2004.11.15"]
[SourceQuality "1"]

1. e4 e6 2. d3 d5 3. Nd2 c5 4. g3 Nc6 5. Bg2 Nf6 6. Ngf3 Be7 7. 0-0 b5 8. Re1 0-0 9. h4 Qb6 10. e5 Nd7 11. Nf1 a5 12. h5 Ba6 13. h6 g6 14. N1h2 b4 15. Ng4 Nd4 16. Nxd4 cxd4 17. Bf4 Rac8 18. Rc1 a4 19. Qd2 b3 20. axb3 axb3 21. c3 Nc5 22. Bf1 dxc3 23. bxc3 b2 24. Rb1 Na4 25. Bg5 Qd8 26. Nf6+ Kh8 27. Qf4 Bb5 28. c4 dxc4 29. dxc4 Bc6 30. Qh4 Rc7 31. Red1 Qa8 32. Nxh7 Bxg5 33. Nxg5 Bd7 34. Bg2 Qe8 35. Ne4 Qd8 36. Qf4 Qe7 37. Nf6 Nc3 38. Qd2 Nxb1 39. Rxb1 Rb8 40. Rxb2 Rxb2 41. Qxb2 Bc8 42. Qd4 Ba6 43. Qb6 Bb7 44. Kh2 Bc8 45. Bc6 Bb7 46. Bxb7 Rxb7 47. Qc6 Rb8 48. Qd6 Qf8 49. Kg2 Rd8 50. Qxf8+ Rxf8 51. c5 Rc8 52. Ne4 Kh7 53. Kf3 Kxh6 54. Ke3 Kg7 55. Kd4 Kf8 56. Nd6 Rc7 57. Kc4 Ke7 58. Kb5 Kd8 59. Kb6 Re7 60. c6 g5 61. Nb5 Kc8 1-0

[Event "Karl Mala Memorial op 07th"]
[Site "Griesheim"]
[Date "2003.07.27"]
[Round "6"]
[White "Becker, Michael"]
[Black "Bolduan, Michael"]
[Result "1/2-1/2"]
[WhiteElo "2092"]
[BlackElo "2039"]
[PlyCount "41"]
[EventDate "2003.07.24"]
[EventType "swiss"]
[EventRounds "7"]
[EventCountry "GER"]
[SourceTitle "EXT 2004"]
[Source "ChessBase"]
[SourceDate "2003.11.25"]
[SourceVersion "1"]
[SourceVersionDate "2003.11.25"]
[SourceQuality "1"]

1. c4 f5 2. g3 Nf6 3. Bg2 g6 4. Nc3 Bg7 5. d3 0-0 6. e4 d6 7. Nge2 e5 8. 0-0 Nc6 9. f3 Bd7 10. Be3 Ne7 11. exf5 Nxf5 12. Bf2 Bh6 13. d4 Ne3 14. Bxe3 Bxe3+ 15. Kh1 c6 16. dxe5 dxe5 17. Qb3 Qb6 18. Qxb6 Bxb6 19. Rad1 Be6 20. b3 Rad8 21. Na4 1/2-1/2

[Event "Dotzheim op 1st"]
[Site "Dotzheim"]
[Date "2002.08.25"]
[Round "3"]
[White "Bolduan, Michael"]
[Black "Kannenberg, Carl Friedrich"]
[Result "0-1"]
[WhiteElo "2039"]
[BlackElo "2075"]
[PlyCount "60"]
[EventDate "2002.08.24"]
[EventType "swiss"]
[EventRounds "9"]
[EventCountry "GER"]
[SourceTitle "EXT 2003"]
[Source "ChessBase"]
[SourceDate "2002.11.25"]
[SourceVersion "1"]
[SourceVersionDate "2002.11.25"]
[SourceQuality "1"]

1. f4 Nf6 2. Nf3 b6 3. e3 e6 4. b3 Be7 5. Bb2 0-0 6. Be2 Bb7 7. 0-0 c5 8. c4 d5 9. d3 Nc6 10. Ne5 d4 11. exd4 Nxd4 12. Nd2 Nf5 13. Kf2 Bxg2 14. Rg1 Bb7 15. Qf1 Ne8 16. Qh3 f6 17. Nef3 Qc7 18. Rg4 Bd6 19. Ne4 Bxf4 20. Bc1 Bxc1 21. Rxc1 Rf7 22. Rcg1 Rd8 23. Qg2 Rdd7 24. Qh3 Bc6 25. Ke1 Qb7 26. Nfg5 fxg5 27. Nxg5 g6 28. Nxe6 Rde7 29. Nf4 Rg7 30. Rg5 Re3 0-1